000 00525nam a22001697a 4500
003 OSt
005 20260211103714.0
008 260211b |||||||| |||| 00| 0 eng d
040 _cMRSPTU
041 _aEnglish
100 _aNippy Garg, Supervisor: Dr. Balkrishan
245 _aSiting and Planning of Interstate Bus Terminus at Bathinda
260 _bDepartment of Civil Engg. MRSPTU, Bathinda
_c2019
650 _aCivil Engineering
856 _uhttp://163.47.215.52:8080/jspui/handle/123456789/327
942 _2ddc
_cTH
_n0
999 _c10893
_d10893